The Walking Dead Trivia - Statistics

General Stats
  • This quiz has been taken 1,210 times
  • The average score is 10 of 16
Answer Stats
Question Answer % Correct
What is a name of the main character? Rick Grimes
99%
In which U.S. city the season 1 took place? Atlanta
89%
Glenn Rhee isn't Chinese, but? Korean
84%
Where the season 3 took place? Prison
82%
Where the season 2 took place? Farm
81%
And who owns it? Hershel Green
81%
What is a name of the settlement they moved to in season 5? Alexandria
73%
What weapon made Daryl recognizable? Crossbow
70%
And his "brother"? Daryl Dixon
70%
What is a name of Negan's bat? Lucille
70%
What is the main leader of the Whisperers? Alpha
67%
What is a name of her daughter? Lydia
45%
What is a name of the settlement where the group ended up in season 11? The Commonwealth
38%
It is located in which U.S. state? Virginia
36%
What Daryl was before the virus breakout? Nothing
15%
What is a name of an incredibly powerful force in the apocalypse? The Civil Republic Military
12%
No matching quizzes found
Score Distribution
Percent of People with Each Score
Percentile by Number Answered
Your Score History
You have not taken this quiz